<?xml version="1.0" encoding="UTF-8"?>
<marc:record xmlns:marc="http://www.loc.gov/MARC21/slim">
   <marc:leader>00000nam a2200000 a 4500</marc:leader>
   <marc:datafield ind1=" " ind2=" " tag="653">
      <marc:subfield code="a">Softcover / Religion/Theologie/Allgemeines</marc:subfield>
   </marc:datafield>
   <marc:datafield ind1=" " ind2=" " tag="653">
      <marc:subfield code="a">Lexika</marc:subfield>
   </marc:datafield>
   <marc:datafield ind1="0" ind2="0" tag="245">
      <marc:subfield code="a">Vetustissimae epistulae romanorum pontificum</marc:subfield>
   </marc:datafield>
   <marc:datafield ind1="0" ind2="0" tag="245">
      <marc:subfield code="c">eingeleitet und übers. von Hermann-Josef Sieben</marc:subfield>
   </marc:datafield>
   <marc:datafield ind1=" " ind2="1" tag="264">
      <marc:subfield code="a">Freiburg, Br.</marc:subfield>
      <marc:subfield code="b">Herder</marc:subfield>
   </marc:datafield>
   <marc:datafield ind1="1" ind2=" " tag="520">
      <marc:subfield code="a">Angaben aus der Verlagsmeldung

Vetustissimae epistulae Romanorum pontificum : Älteste Papstbriefe / von Hermann-Josef Sieben

Die 120 ältesten Papstbriefe von der Mitte des 3. bis zur Mitte des 5. Jh.s gehören zu den wichtigsten Quellentexten der Kirchengeschichte. Sie spiegeln das gerade in diesem Zeitraum deutlich anwachsende Primatsbewusstsein der römischen Bischöfe wider und behandeln Aspekte des Glaubens, der Moral und vor allem des Rechts, die bis heute für die katholische Kirche konstitutiv sind bzw. deren Erscheinungsbild prägen. Besonderes Interesse verdienen hier die Bestimmungen über die Ehelosigkeit der Priester, die Bischofsordinationen, das Verhältnis der Kirche zur Welt und zum Staat. Die Übersetzung wird begleitet von einem Kommentar auf der Höhe des derzeitigen Forschungsstandes.
</marc:subfield>
   </marc:datafield>
   <marc:datafield ind1=" " ind2=" " tag="020">
      <marc:subfield code="a">9783451309656</marc:subfield>
      <marc:subfield code="9">9783451309656</marc:subfield>
   </marc:datafield>
   <marc:datafield ind1=" " ind2=" " tag="020">
      <marc:subfield code="a">3451309653</marc:subfield>
      <marc:subfield code="9">3451309653</marc:subfield>
   </marc:datafield>
   <marc:datafield ind1=" " ind2=" " tag="041">
      <marc:subfield code="a">ger</marc:subfield>
   </marc:datafield>
   <marc:datafield ind1=" " ind2=" " tag="300">
      <marc:subfield code="a">297 S.</marc:subfield>
   </marc:datafield>
</marc:record>
